01440nam a2200349Ia 4500001001200000003000800012006001900020007001500039008004100054010001700095020002800112020002100140040002100161035002100182050002500203100002100228245012200249260007700371300001700448500010400465504005100569533015200620650002400772650003200796650001500828650003700843650002100880655002900901710001700930856012600947999001701073ebr10272853CaPaEBRm u cr cn|||||||||971231s1997 enk sb 001 0 eng d z 97229482  z0198242549 (alk. paper) z0198250045 (pbk) aCaPaEBRcCaPaEBR a(OCoLC)31620529214aBD418.3b.O34 1997eb1 aO'Hear, Anthony.10aBeyond evolutionh[electronic resource] :bhuman nature and the limits of evolutionary explanation /cAnthony O'Hear. aOxford :bClarendon Press ;aNew York :bOxford University Press,c1997. aviii, 220 p. aEarly versions of parts of the book have been previously published in several magazines, 1989-1997. aIncludes bibliographical references and index. aElectronic reproduction.bPalo Alto, Calif. :cebrary,d2009.nAvailable via World Wide Web.nAccess may be limited to ebrary affiliated libraries. 0aPhilosophy of mind. 0aPhilosophical anthropology. 0aEvolution. 0aEvolution (Biology)xPhilosophy. 0aHuman evolution. 7aElectronic books.2local2 aebrary, Inc.40uhttp://site.ebrary.com/lib/rucke/Doc?id=10272853zAn electronic book accessible through the World Wide Web; click to view c21182d21182